Never Won the Champions League - Best XI - Statistics

General Stats
  • This quiz has been taken 117 times
  • The average score is 11 of 14
Answer Stats
Pos. Nation Best Finish Player % Correct
GK Italian Final(Juventus 2003, 2015, 2017) Gianluigi Buffon
98%
ST Swedish SF(Barcelona 2010) Zlatan Ibrahimovic
98%
AM Italian QF(AS Roma 2008) Francesco Totti
96%
ST Brazilian SF(Real Madrid 2003) Ronaldo
96%
CM German Final(Leverkusen 2002, Chelsea 2008) Michael Ballack
93%
Sub(AM) Argentine R16(Napoli 1988, 1991) Diego Maradona
92%
CM Czech Final(Juventus 2003) Pavel Nedved
92%
Sub(CB) Italian Final(Juventus 2015, 2017) Giorgio Chiellini
88%
Sub(ST) Argentine R16(Fiorentina 2000) Gabriel Batistuta
75%
RB French Final(Juventus 2003) Lilian Thuram
73%
DM German Final(Bayern Munich 1999) Lothar Matthaus
70%
CB French SF(Manchester United 2002) Laurent Blanc
60%
CB Italian SF(Inter 2003) Fabio Cannavaro
58%
LB Italian Final(Juventus 2003) Gianluca Zambrotta
48%
No matching quizzes found
Score Distribution
Percent of People with Each Score
Percentile by Number Answered
Your Score History
You have not taken this quiz